|
|
|
|
| LEADER |
01413nim a2200385 a 4500 |
| 001 |
001341478 |
| 003 |
CZ BrMZK |
| 005 |
20131122143037.0 |
| 007 |
sd^ |
| 008 |
131101s2013 xr cze |
| 028 |
0 |
3 |
|a SU 6177-2
|b Supraphon nakladatelství a vydavatelství
|
| 040 |
|
|
|a BOG001
|b cze
|d LIA001
|d BOA001
|
| 072 |
|
7 |
|a 821.162.3-3
|x Česká próza
|2 Konspekt
|9 25
|
| 080 |
|
|
|a 821.162.3-32
|2 MRF
|
| 080 |
|
|
|a (0:82-32)
|2 MRF
|
| 080 |
|
|
|a (086.7)08
|2 MRF
|
| 080 |
|
|
|a (086.76)
|2 MRF
|
| 100 |
1 |
|
|a Šabach, Petr,
|d 1951-2017
|7 jn19990201046
|4 aut
|4 stl
|
| 245 |
1 |
0 |
|a Máslem dolů
|h [zvukový záznam] /
|c Petr Šabach
|
| 260 |
|
|
|a Praha :
|b Supraphon,
|c p2013
|
| 300 |
|
|
|a 1 zvuková deska (321:54) :
|b DDD, stereo, MP3
|
| 500 |
|
|
|a Čteno ze stejnojmenné knihy, Paseka 2012
|
| 500 |
|
|
|a Kompaktní deska (DDD)
|
| 508 |
|
|
|a Režie Naďa Dvorská
|
| 511 |
0 |
|
|a Čtou Tomáš Hanák a Petr Šabach
|
| 518 |
|
|
|a Nahráno v březnu a dubnu 2013 v Nižboru
|
| 655 |
|
7 |
|a české novely
|7 fd133969
|2 czenas
|
| 655 |
|
7 |
|a audioknihy
|7 fd119452
|2 czenas
|
| 655 |
|
7 |
|a kompaktní desky
|7 fd201991
|2 czenas
|
| 700 |
1 |
|
|a Hanák, Tomáš,
|d 1957-
|7 jn20000400887
|4 stl
|
| 700 |
1 |
|
|a Dvorská, Naďa,
|d 1947-
|7 jx20040726022
|4 drt
|
| 910 |
|
|
|a BOA001
|b CDR-1313.874
|
| 990 |
|
|
|a AV
|
| 991 |
|
|
|b 201311
|e b
|
| 996 |
6 |
|
|b 2610568043
|c CDR-1313.874
|l MZK
|r Sklad / do 24 hodin
|n 2
|p p.v.
|w 001377230
|u 000010
|a 1
|e BOA001
|j MZK50
|s P
|